Statistiques concernant 100 Meilleurs albums du rap français

Cliquez ici pour prendre le quiz!

Statistiques générales

  • Ce quiz a été pris 297 fois
  • Le résultat moyen est 17 sur 100

Statistiques - réponses

ClassementAlbum% Correct
97PNLDeux frères
75%
61NekfeuFeu
75%
1IAML’École du micro d’argent
74%
40PNLDans la légende
71%
49DamsoIpséité
70%
47KaarisOr noir
69%
4BoobaTemps mort
67%
42NekfeuCyborg
66%
86PNLLe Monde Chico
64%
29OrelsanLa Fête est finie
59%
13OrelsanLe Chant des sirènes
59%
2LunaticMauvais Œil
59%
63ValdXEU
56%
17BoobaOuest Side
52%
21OrelsanPerdu d'avance
50%
3Suprême NTMSuprême NTM
48%
57BoobaPanthéon
47%
80BoobaNero Nemesis
45%
10Suprême NTMParis sous les bombes
45%
7Doc GynécoPremière Consultation
40%
43SniperGravé dans la roche
39%
35LomepalFLIP
37%
5Oxmo PuccinoOpéra Puccino
36%
11ÄrsenikQuelques gouttes suffisent...
30%
94RohffLa Fierté des nôtres
27%
16HugoFenêtre sur rue
26%
70RohffLe Code de l'honneur
19%
46YoussouphaNoir d****
18%
6Shurik'nOù je vis
18%
95DisizLe Poisson rouge
17%
33StupeflipStupeflip
17%
26Ideal JLe combat continue
16%
31Casseurs FlowtersOrelsan et Gringe sont les Casseurs Flowters
16%
24AkhenatonMétèque et mat
15%
74LinoRequiem
13%
41Fonky FamilyArt de rue
12%
15MC SolaarProse Combat
12%
19MC SolaarQui sème le vent récolte le tempo
10%
53DisizExtra-lucide
9%
25Oxmo PuccinoL’amour est mort
9%
48Oxmo PuccinoLe Cactus de Sibérie
9%
55113Les Princes de la ville
9%
36Les X (X-Men)Jeunes, coupables et libres
8%
84IAM… de la planète Mars
7%
78Les Sages Poètes de la rueQu’est‐ce qui fait marcher les sages
7%
22Fonky FamilySi Dieu veut
7%
93Suprême NTMAuthentik
6%
83Busta FlexBusta Flex
6%
18FabeDétournement de son...
6%
79SniperDu rire aux larmes
6%
38KheopsSad Hill
6%
91Ministère AMER95200
5%
20Keny ArkanaEntre ciment et belle étoile
5%
81Les Sages Poètes de la rueJusqu’à l’amour
5%
14La RumeurL'Ombre sur la mesure
5%
72IAMArts martiens
4%
59Oxmo PuccinoL’Arme de paix
4%
85Oxmo Puccino et The JazzbastardsLipopette Bar
4%
30ATKHeptagone
3%
50Saïan Supa CrewKLR
3%
67Suprême NTM1993... J'appuie sur la gâchette
2%
60La CliquaConçu pour durer
2%
8Klub des LoosersLa fin de l'espèce
2%
32AssassinL'Homicide volontaire
2%
100CaseyLibérez la bête
2%
73Gaël FayePili Pili sur un croissant au beurre
2%
62Oxmo PuccinoRoi sans carrosse
2%
34StupeflipStup Religion
2%
9StupeflipThe Hypnoflip Invasion
2%
56AssassinTouche d’espoir
2%
12Klub des LoosersVive la vie
2%
712 Bal 2 Neg'3x plus efficace
1%
45ScyllaAbysses
1%
68TTCCeci n'est pas un disque
1%
99Anton Serra, Lucio Bukowski, Oster LapwassLa plume et le brise-glace
1%
82Milk Coffee & SugarMilk Coffee & Sugar
1%
58Keny ArkanaTout tourne autour du soleil
1%
69Hocus Pocus73 touches
0%
98La CautionAsphalte Hurlante
0%
75TTCBâtards sensibles
0%
65SvinkelsBons pour l'asile
0%
64L'AtelierBuffet des anciens élèves
0%
28MC SolaarCinquième As: Fifth Ace
0%
37Casseurs FlowtersComment c'est loin (OST)
0%
92OdezenneDolziger Str. 2
0%
76Dooz KawaÉtoiles du sol
0%
51RocéIdentité en crescendo
0%
87Le Klub des 7La Classe de musique
0%
44Lucio Bukowski et Nestor KéaL'Art raffiné de l'ecchymose
0%
66VirusLe Choix dans la date
0%
96FayçalL'Or du commun
0%
23IAMOmbre est lumière, volume 1
0%
27OdezenneOVNI
0%
89La CanaillePar temps de rage
0%
54La CautionPeines de maures
0%
88Hocus PocusPlace 54
0%
77OdezenneSans. Chantilly
0%
39Scred ConnexionScred Selexion 99/2000
0%
52SvinkelsTapis rouge
0%
90Testa NeraTesta Nera
0%

Distribution des résultats

Percentile par nombre de réponses

% des personnes avec chaque résultat

Votre développement - résultats

Vous n’avez pas pris ce quiz